000 00430nam a2200169Ia 4500
003 GCL
008 140319s9999 xx 000 0 eng d
040 _aGCL /
_cGCL
082 0 4 _a551
_bM E
100 1 _aMONTGOMARY, GARLA W
245 1 0 _aENVIRONMENTAL GEOLOGY /
_cMONTGOMARY, GARLA W
260 _a[S.N] :
_bWM. C. BROWN PUBLISHERS ،
_c1995
300 _a63
650 0 4 _aENVIRONMENT
650 0 4 _aGEOLOGY
942 _2ddc
_cBK
999 _c10919
_d10919